| 000 | 00605nam a2200181 i 4500 | ||
|---|---|---|---|
| 001 | 97350 | ||
| 003 | ES-MaACL | ||
| 005 | 20230906182102.0 | ||
| 007 | t| | ||
| 008 | 050711s1972 fr a |||| | lat d | ||
| 100 | 1 |
_aMarca, Pierre de. _976350 |
|
| 245 | 1 | 0 |
_aMarca Hispanica, sive Limes Hispanicus... Petro de Marca... Omnia nunc primum edita / _cPedro de Marca. |
| 260 |
_aBarcelona : _bBase, _c1972. |
||
| 300 |
_a15 h., 1490 col., 15 h. : _bil. ; _c34 cm. |
||
| 596 | _a[Parisiis, Apud Franciscum Muguet, 1688] | ||
| 651 | 4 |
_aCataluña- _xHistoria- _yHasta S.XV. _9169130 |
|
| 852 |
_aES-MaACL _jC-43947 |
||
| 999 |
_c97350 _d97350 |
||